Sąsiedzi państw - Ameryka Północna - Statystyki

Ogólne statystyki
  • Ten quiz został rozwiązany 45 razy
  • Średni wynik to 11 z 12
Statystyki odpowiedzi
Państwo Sąsiedzi % Poprawnych
Meksyk Belize / Gwatemala / Stany Zjednoczone
100%
Gwatemala Belize / Honduras / Meksyk / Salwador
100%
Belize Gwatemala / Meksyk
100%
Stany Zjednoczone Kanada / Meksyk
100%
Kanada Dania / Stany Zjednoczone
97%
Honduras Gwatemala / Nikaragua / Salwador
95%
Panama Kolumbia / Kostaryka
95%
Kostaryka Nikaragua / Panama
95%
Haiti Dominikana
92%
Salwador Gwatemala / Honduras
92%
Nikaragua Honduras / Kostaryka
92%
Dominikana Haiti
90%
Nie znaleziono quizów pasujących do podanych kryteriów
Rozkład punktacji
Procent ludzi z każdym wynikiem
Percentyl według liczby udzielonych odpowiedzi
Twoja historia wyników
Nie rozwiązałeś tego quizu